000 01026pam a2200265 a 4500
001 562655
003 OSt
005 20220425044330.0
008 890315s1989 enk b 001 0 eng
010 _a 89003318
020 _a0198275978 :
_c£18.50 (est.) ($37.00 U.S.)
040 _aMMU
_cMMU
_dMMU
_beng
050 0 0 _aHV7240.I25
_bA58 1989
082 0 0 _a363.2/06/01
_220
100 1 _aAnderson, Malcolm,
_d1934-
245 1 0 _aPolicing the world :
_bInterpol and the politics of international police co-operation /
_cMalcolm Anderson.
260 _aOxford [England] :
_bClarendon Press ;
_aNew York :
_bOxford University Press,
_c1989.
300 _ax, 211p. ;
_c23 cm.
500 _aIncludes Bibliography: p. [195]-198. index.
610 2 0 _aInternational Criminal Police Organization.
650 0 _aLaw enforcement
_xInternational cooperation.
650 0 _aLaw enforcement
_xPolitical aspects.
856 4 2 _3Publisher description
_uhttp://www.loc.gov/catdir/enhancements/fy0605/89003318-d.html
942 _2lcc
_cLOAN LOAN
999 _c25871
_d25871